Language and linguistics : an introduction /

Dettagli Bibliografici
Autore principale: Lyons, John, 1932-
Natura: Libro
Lingua:English
Pubblicazione: Cambridge [Cambridgeshire] ; New York : Cambridge University Press, 1981 [reprinted 1981].
Soggetti:
Classic Catalogue: View this record in Classic Catalogue
LEADER 01236nam a2200289 a 4500
001 0017216
003 BD-DhAAL
008 110928r20051981enka b 001 0 eng d
010 |a  80042002  
020 |a 0521540887 
020 |a 0521230349 
020 |a 0521297753 (pbk.) 
040 |a DLC  |c DLC  |d DLC  |d BD-DhAAL 
082 0 0 |a 410  |2 19 
100 1 |a Lyons, John,  |d 1932-  |9 58409 
245 1 0 |a Language and linguistics :  |b an introduction /  |c John Lyons. 
260 |a Cambridge [Cambridgeshire] ;  |a New York :  |b Cambridge University Press,  |c 1981 [reprinted 1981]. 
300 |a xi, 356 p. :  |b ill. ;  |c 22 cm 
504 |a Includes bibliographical references (pages [333]-350) and index. 
526 |a ENH  |x Shenin Ziauddin and Nazia Husain Faculty Members of BRAC University 
541 1 |e 00017216  |a Friends' Book Corner 
650 0 |a Linguistics. 
650 0 |a Language and languages. 
852 1 |a Ayesha Abed Library   |c General Stacks 
942 |2 ddc  |c BK 
999 |c 11278  |d 11278 
952 |0 0  |1 0  |2 ddc  |4 0  |6 410_LYO  |7 0  |9 18299  |a BRACUL  |b BRACUL  |c GEN  |d 2011-10-02  |e Friends' Book Corner  |g 500.00  |l 20  |m 70  |o 410 LYO  |p 3010017216  |r 2026-01-06  |s 2025-10-27  |t 1  |w 2011-10-02  |y BK  |x Requisitioned by Shenin Ziauddin and Nazia Husain (Faculty Members of BRAC University)